Harry Potter and the prisoner of Azkaban.
Saved in:
| Hovedforfatter: | |
|---|---|
| Format: | Ukendt |
| Udgivet: |
London, United Kingdom:
Bloomsbury Publishing Plc.,
2014.
|
| Serier: | The Harry Potter Series,
3. |
| Fag: | |
| Tags: |
Tilføj Tag
Ingen Tags, Vær først til at tagge denne postø!
|
MARC
| LEADER | 00000 a2200000 4500 | ||
|---|---|---|---|
| 003 | CL-VaPUC | ||
| 005 | 20230109141723.0 | ||
| 008 | 221209t2014 ||||| |||| 00| 0 eng d | ||
| 999 | |c 439198 |d 439196 | ||
| 020 | |a 978-1408855676 | ||
| 040 | |c Pontificia Universidad Católica de Valparaíso | ||
| 082 | 7 | |a 823 ROWp 2014 |2 22 | |
| 100 | |a Rowling, J. K |9 554655 |e author | ||
| 245 | |a Harry Potter and the prisoner of Azkaban. | ||
| 260 | |a London, United Kingdom: |b Bloomsbury Publishing Plc., |c 2014. | ||
| 300 | |a 461 páginas. | ||
| 490 | |a The Harry Potter Series, |v 3. | ||
| 583 | |k GC |c 20221209 | ||
| 650 | |a Novelas inglesas |9 265220 | ||
| 650 | |a Novelas juveniles inglesas |9 462416 | ||
| 650 | |a Literatura inglesa |9 312907 | ||
| 942 | |2 ddc |c BK | ||
| 952 | |0 0 |1 0 |2 ddc |4 0 |6 823_000000000000000_ROWP_2014 |7 0 |8 A |9 588176 |a BIBEDU |b BIBHIS |c GEN |d 2022-12-09 |e 74 |g 15628.00 |i 5655972 |l 5 |m 2 |o 823 ROWp 2014 |p 5655972 |r 2025-03-13 |s 2025-03-06 |t 1 |v 15628.00 |w 2022-12-09 |y BK |k LIT | ||
| 952 | |0 0 |1 0 |2 ddc |4 0 |6 823_000000000000000_ROWP_2014 |7 0 |8 A |9 588177 |a BIBEDU |b BIBEDU |c GEN |d 2022-12-09 |e 74 |g 15628.00 |i 5655973 |l 2 |m 1 |o 823 ROWp 2014 |p 5655973 |r 2024-09-23 |s 2024-09-10 |t 2 |v 15628.00 |w 2022-12-09 |y BK |k LIT | ||